00947nam a2200241 a 450000500170000000800410001702000150005804000250007304100080009804400070010608200190011310000440013224501400017625000130031626001580032930000460048765000280053365000160056165000370057765000460061470000180066070000270067820200104041557.0140319b2005 ck ||||| |||| 00| 0 spa d a9583380717 aCO-BoIAVHcCO-BoIAVH aspa ack14a333.9516bF19p10aFandiño Lozano, Martha Teresad1958-10aPrioridades de conservación biológica para ColombiacMartha Fandiño Lozano, Willem Van Wyngaarden; prefacio, R. L. (Bob) Pressey  a1a. ed.  aBogotá:bParques Nacionales Naturales, bMinisterio de Ambiente, Vivienda y Desarrollo Territorial, bEmbajada del Reino de los Países Bajos, c2005. a186 p.bmaps., diagrs. c26 cm.e2 mapas 14aDiversidad biológica 14aEcosistemas14aProtección del medio ambiente 04aConservación de los recursos naturales 10aPressey, R.L.10aWyngaarden, Willem van